[Event "16e Open International - Réunion"]
[Site "Saint-Denis (974)"]
[Date "2014.10.20"]
[Round "4"]
[White "Ringayen, Francinel"]
[Black "Atlan, Yoram"]
[Result "1-0"]
[WhiteElo "1361"]
[BlackElo "1270"]
[PlyCount "121"]
[EventDate "2014.??.??"]

1. e4 e5 2. Nf3 Nc6 3. Nc3 Bc5 4. Bc4 Nf6 5. h3 h6 6. O-O d6 7. d3 a6 8. Qe2
Na5 9. Na4 Nxc4 10. Nxc5 dxc5 11. dxc4 Qe7 12. Rd1 Nh5 13. Be3 Qf6 14. Qd2 O-O
15. Bxc5 Re8 16. Be3 Nf4 17. Bxf4 exf4 18. e5 Qg6 19. Qd3 Qxd3 20. Rxd3 Bf5 21.
Rd2 Rad8 22. Rad1 Rc8 23. c3 Be4 24. Re1 Bxf3 25. gxf3 Rcd8 26. Rxd8 Rxd8 27.
Re2 Re8 28. Kf1 Rd8 29. Ke1 Kf8 30. h4 Ke7 31. Re4 g5 32. h5 Ke6 33. Ke2 Kf5
34. b4 g4 35. Rd4 Rxd4 36. cxd4 g3 37. Kf1 gxf2 38. Kxf2 f6 39. exf6 Kxf6 40.
Kg2 Kg5 41. Kh3 Kxh5 42. a3 Kg5 43. a4 b6 44. b5 axb5 45. axb5 Kf5 46. Kh4 Ke6
47. Kh5 Kd6 48. Kxh6 c6 49. bxc6 Kxc6 50. Kg5 Kd6 51. Kxf4 b5 52. cxb5 Ke6 53.
b6 Kf7 54. b7 Kg7 55. b8=Q Kf6 56. Qb6+ Kg7 57. Kf5 Kh8 58. Qb7 Kg8 59. Kf6 Kf8
60. Qe7+ Kg8 61. Qg7# 1-0

[Event "16e Open International - Réunion"]
[Site "Saint-Denis (974)"]
[Date "2014.10.20"]
[Round "4"]
[White "Labrande, Mona"]
[Black "Hubert, Nathan"]
[Result "1-0"]
[WhiteElo "1200"]
[BlackElo "1099"]
[PlyCount "99"]
[EventDate "2014.??.??"]

1. e4 e5 2. Nf3 Nc6 3. Bc4 Bc5 4. O-O Nf6 5. Nc3 O-O 6. b3 d6 7. h3 h6 8. Bb2
b6 9. Bb5 Bd7 10. Qe1 a6 11. Bd3 Qe7 12. Nd5 Qd8 13. Qe2 Nb8 14. Nh4 Nxd5 15.
Nf3 Nf4 16. Qe1 Qf6 17. Bc4 Qg6 18. Nh4 Nxh3+ 19. Kh2 Qg5 20. g3 Qg4 21. Be2
Qxe4 22. d3 Qd5 23. Bf3 Qe6 24. Bxa8 g5 25. Ng2 Nxf2 26. d4 Ng4+ 27. Kg1 Bxd4+
28. Bxd4 c6 29. Bxb6 Nh2 30. Rf2 Nf3+ 31. Rxf3 c5 32. Be4 f5 33. Bd3 e4 34. Bc4
d5 35. Bxc5 dxc4 36. Bxf8 Kxf8 37. Re3 Qb6 38. Rd1 f4 39. gxf4 Bg4 40. Rd2 Nc6
41. fxg5 hxg5 42. Qf1+ Kg8 43. Rd6 Bf3 44. Rg6+ Kh8 45. Rxg5 Bxg2 46. Qf8+ Kh7
47. Rh5+ Kg6 48. Qf5+ Kg7 49. Rg5+ Kh6 50. Qg6# 1-0

[Event "16e Open International - Réunion"]
[Site "Saint-Denis (974)"]
[Date "2014.10.20"]
[Round "4"]
[White "Laoussing, Mathis"]
[Black "Cazal, Julian"]
[Result "0-1"]
[WhiteElo "1099"]
[BlackElo "1100"]
[PlyCount "52"]
[EventDate "2014.??.??"]

1. e4 e5 2. Nf3 Nc6 3. Bc4 d5 4. Bxd5 Nge7 5. Bxc6+ Nxc6 6. O-O Qf6 7. d3 Bd6
8. Nc3 Qg6 9. Bg5 h6 10. Be3 Bh3 11. Nh4 Qe6 12. gxh3 Nd4 13. Bxd4 exd4 14. Nb5
O-O-O 15. Nxa7+ Kb8 16. Nb5 Be5 17. Qd2 Qxh3 18. f4 Bf6 19. Nf3 g5 20. fxg5
Bxg5 21. Nxg5 Rhg8 22. Rf2 Rxg5+ 23. Rg2 Rdg8 24. Rxg5 Rxg5+ 25. Kh1 Qf3+ 26.
Qg2 Qxg2# 0-1

[Event "16e Open International - Réunion"]
[Site "Saint-Denis (974)"]
[Date "2014.10.22"]
[Round "5"]
[White "Letreguilly, Olivier"]
[Black "Stahl, Clement"]
[Result "1/2-1/2"]
[WhiteElo "2332"]
[BlackElo "2149"]
[PlyCount "64"]
[EventDate "2014.??.??"]

1. d4 d5 2. c4 c6 3. Nf3 Nf6 4. g3 Bf5 5. Nbd2 e6 6. Bg2 h6 7. O-O Be7 8. Ne5
Nbd7 9. Nxd7 Nxd7 10. e4 dxe4 11. Nxe4 Nf6 12. Nc3 O-O 13. Re1 Qd7 14. h3 Rad8
15. Be3 b5 16. Qe2 b4 17. Na4 Be4 18. f3 Bg6 19. Rad1 Bd6 20. Bf2 Qc7 21. f4 h5
22. h4 Bf5 23. Bf3 Bg4 24. b3 Bxf3 25. Qxf3 Ng4 26. c5 Be7 27. Nb2 Bf6 28. Nc4
Rd5 29. Nd6 g6 30. Kg2 Nxf2 31. Qxf2 Rd8 32. Re5 R5xd6 1/2-1/2

[Event "16e Open International - Réunion"]
[Site "Saint-Denis (974)"]
[Date "2014.10.22"]
[Round "5"]
[White "Stratonowitsch, Andre"]
[Black "Wimmer, Olivier"]
[Result "0-1"]
[WhiteElo "2124"]
[BlackElo "2044"]
[PlyCount "88"]
[EventDate "2014.??.??"]

1. e4 d6 2. d4 Nf6 3. Nc3 Nbd7 4. Nf3 e5 5. Bc4 Be7 6. O-O O-O 7. h3 c6 8. a4
a5 9. Be3 Qc7 10. Re1 exd4 11. Nxd4 Nc5 12. Bf4 Qb6 13. Nb3 Rd8 14. Qe2 Be6 15.
Bxe6 Nxe6 16. Qf3 Nxf4 17. Qxf4 Nd7 18. Ne2 Bf6 19. Qxd6 Bxb2 20. Rab1 Be5 21.
Qa3 Qc7 22. Rbd1 b5 23. Nbd4 b4 24. Qa2 Nb6 25. Rf1 c5 26. Nb5 Qc6 27. Rxd8+
Rxd8 28. f4 Bf6 29. Ng3 c4 30. c3 bxc3 31. Rf2 Qc5 32. Nf1 Rd3 33. g3 Qb4 34.
e5 Be7 35. Nd6 Bxd6 36. exd6 Qxd6 37. Qe2 Qe6 38. Qh5 Nd5 39. f5 Qe1 40. Qh4
Nf6 41. Qf4 h6 42. h4 Nh5 43. Qb8+ Kh7 44. Rg2 c2 0-1

[Event "16e Open International - Réunion"]
[Site "Saint-Denis (974)"]
[Date "2014.10.22"]
[Round "5"]
[White "Moret, Vincent"]
[Black "Reinhart, Emmanuel"]
[Result "1/2-1/2"]
[WhiteElo "2175"]
[BlackElo "2355"]
[PlyCount "51"]
[EventDate "2014.??.??"]

1. Nf3 d5 2. c4 c6 3. b3 Bf5 4. Bb2 Nf6 5. g3 e6 6. Bg2 Be7 7. O-O O-O 8. d3 h6
9. Nbd2 Nbd7 10. a3 a5 11. Qc2 Bh7 12. Bc3 Re8 13. Qb2 Bf8 14. b4 a4 15. Rfe1
c5 16. bxc5 dxc4 17. d4 e5 18. Nxe5 Nxe5 19. dxe5 Nd5 20. Nxc4 Nxc3 21. Qxc3
Bxc5 22. Bxb7 Rb8 23. Qf3 Re7 24. Red1 Qc7 25. Bc6 Bc2 26. Rd2 1/2-1/2

[Event "16e Open International - Réunion"]
[Site "Saint-Denis (974)"]
[Date "2014.10.22"]
[Round "5"]
[White "Desire, Michael"]
[Black "Rodier, David"]
[Result "1/2-1/2"]
[WhiteElo "1751"]
[BlackElo "2136"]
[PlyCount "66"]
[EventDate "2014.??.??"]

1. d4 e6 2. c4 Bb4+ 3. Nc3 b6 4. e4 Bb7 5. Qg4 Nf6 6. Qxg7 Rg8 7. Qh6 Rg6 8.
Qe3 Nxe4 9. Nf3 d6 10. a3 Bxc3+ 11. bxc3 f5 12. g3 Qe7 13. Be2 Nd7 14. Nh4 Rg7
15. Bh5+ Kd8 16. Bf3 Nf8 17. Ng2 Nd7 18. O-O Ndf6 19. Qd3 Ba6 20. Re1 d5 21.
Nf4 Bxc4 22. Qc2 Ng4 23. Bxg4 fxg4 24. Nd3 Bxd3 25. Qxd3 Kd7 26. c4 c6 27. cxd5
exd5 28. Bf4 Qe6 29. Qa6 Ke8 30. Rab1 Rc8 31. Rec1 Rf7 32. Re1 Re7 33. Rec1 Kf7
1/2-1/2

[Event "16e Open International - Réunion"]
[Site "Saint-Denis (974)"]
[Date "2014.10.22"]
[Round "5"]
[White "Mezouaghi, Miloud"]
[Black "Bah, Ismael"]
[Result "1-0"]
[WhiteElo "2037"]
[BlackElo "1745"]
[PlyCount "105"]
[EventDate "2014.??.??"]

1. e4 b6 2. d4 e6 3. Bd3 Bb7 4. Nf3 Nf6 5. Nbd2 d5 6. e5 Ne4 7. Qe2 Nxd2 8.
Bxd2 c5 9. c3 Qc8 10. Ng5 g6 11. Qf3 Qd7 12. Qf6 Rg8 13. Nxh7 Be7 14. Qf3 Nc6
15. Bb5 a6 16. Bxc6 Bxc6 17. O-O Rg7 18. Nf6+ Bxf6 19. Qxf6 Rh7 20. dxc5 bxc5
21. Bg5 Qd8 22. Qxd8+ Rxd8 23. Bxd8 Kxd8 24. b3 Rh8 25. Rfe1 Kc7 26. Re3 Kd7
27. Rd1 Ke7 28. h3 Rb8 29. f4 Rh8 30. Kf2 Rh5 31. g4 Rh8 32. Kg3 Rh7 33. Re2
Rh8 34. h4 a5 35. Rb2 Kd7 36. Rdb1 Rc8 37. Rh2 Rh8 38. h5 Ke7 39. hxg6 Rg8 40.
gxf7 Kxf7 41. Rh7+ Rg7 42. Rxg7+ Kxg7 43. f5 exf5 44. gxf5 d4 45. cxd4 cxd4 46.
Kf4 d3 47. Rd1 Bb5 48. Kg5 Kf7 49. a4 Ba6 50. e6+ Ke7 51. Kg6 Kf8 52. f6 Ke8
53. Kg7 1-0

[Event "16e Open International - Réunion"]
[Site "Saint-Denis (974)"]
[Date "2014.10.22"]
[Round "5"]
[White "Gallet, Hadrien"]
[Black "Calmels, Nicolas"]
[Result "0-1"]
[WhiteElo "1614"]
[BlackElo "1884"]
[PlyCount "84"]
[EventDate "2014.??.??"]

1. d4 Nf6 2. c4 c6 3. Nc3 d5 4. Bf4 h6 5. e3 Bf5 6. Nf3 Qb6 7. Qb3 Qxb3 8. axb3
Nbd7 9. Be2 e6 10. O-O Bc2 11. Bd1 Bd3 12. Be2 Bxe2 13. Nxe2 Ne4 14. c5 g5 15.
Be5 Rh7 16. Ng3 f6 17. Bc7 Ndxc5 18. dxc5 Rxc7 19. Nxe4 dxe4 20. Nd2 f5 21. b4
Rd8 22. Nc4 b5 23. cxb6 axb6 24. Nxb6 Rb8 25. Nc4 Rxb4 26. Rfc1 Bg7 27. g3 Ke7
28. Ra2 c5 29. Ra5 Bf6 30. Kg2 h5 31. h3 e5 32. g4 hxg4 33. hxg4 f4 34. Ra6 Rd7
35. Nb6 Rd2 36. Rxc5 Rbxb2 37. Nd5+ Rxd5 38. Rxd5 fxe3 39. Kf1 exf2 40. Rdd6 e3
41. Rxf6 e4 42. Rh6 Rb1+ 0-1

[Event "16e Open International - Réunion"]
[Site "Saint-Denis (974)"]
[Date "2014.10.22"]
[Round "5"]
[White "Rajaonson, Andriamahenina"]
[Black "Cochard, Franck-Olivier"]
[Result "1-0"]
[WhiteElo "1864"]
[BlackElo "1655"]
[PlyCount "63"]
[EventDate "2014.??.??"]

1. e4 d5 2. exd5 Nf6 3. d4 Bg4 4. Qd3 Nxd5 5. Qb5+ Nc6 6. c3 Rb8 7. h3 a6 8.
Qd3 Bh5 9. Nf3 e6 10. Be2 Bd6 11. O-O O-O 12. Re1 Re8 13. Na3 e5 14. Qd1 exd4
15. Nxd4 Bxe2 16. Nxe2 Bc5 17. Nc2 Qf6 18. Ned4 Rxe1+ 19. Qxe1 Nxd4 20. Nxd4
Bxd4 21. cxd4 Qxd4 22. Rb1 Nf6 23. Be3 Qd5 24. a3 c5 25. Rc1 c4 26. Rd1 Qe5 27.
Qd2 b5 28. Bf4 Ne4 29. Qd8+ Qe8 30. Bxb8 Kf8 31. Qxe8+ Kxe8 32. Re1 1-0

[Event "16e Open International - Réunion"]
[Site "Saint-Denis (974)"]
[Date "2014.10.22"]
[Round "5"]
[White "Payet, Jean-Claude"]
[Black "Riviere, Etienne"]
[Result "1-0"]
[WhiteElo "1893"]
[BlackElo "1580"]
[PlyCount "101"]
[EventDate "2014.??.??"]

1. e4 e5 2. Nf3 Nc6 3. Bc4 Bc5 4. c3 Nf6 5. d3 h6 6. b4 Bb6 7. b5 Na5 8. Nxe5
O-O 9. Bb3 d5 10. exd5 Re8 11. d4 Ng4 12. O-O Nxb3 13. Qxb3 Rxe5 14. h3 Rxd5
15. hxg4 Bxg4 16. Bf4 Rh5 17. Bg3 a6 18. bxa6 Rxa6 19. Nd2 Be6 20. Qb2 c5 21.
Nf3 cxd4 22. Nxd4 Bxd4 23. cxd4 Qd7 24. Rfc1 Rc6 25. Rcb1 Rd5 26. Qxb7 Qxb7 27.
Rxb7 Rxd4 28. a4 Ra6 29. a5 Rd5 30. Bc7 Kh7 31. Bb6 Rd7 32. Rb8 Kg6 33. Rc1 Kf5
34. Rc3 Rd1+ 35. Kh2 Rd5 36. Rg8 g6 37. Rh8 h5 38. Re8 Kf6 39. Rf3+ Rf5 40. Re3
Rd5 41. Re4 Rb5 42. f3 Rf5 43. f4 Rd5 44. g3 Rd2+ 45. Kg1 Rc2 46. Re5 Rd2 47.
Kf1 Rc2 48. Bd4 Bc4+ 49. Kg1 Rc1+ 50. Kh2 Rc2+ 51. Re2+ 1-0

[Event "16e Open International - Réunion"]
[Site "Saint-Denis (974)"]
[Date "2014.10.22"]
[Round "5"]
[White "Rajaobelina, Hery"]
[Black "Frelicot, Eric"]
[Result "0-1"]
[WhiteElo "1887"]
[BlackElo "1841"]
[PlyCount "54"]
[EventDate "2014.??.??"]

1. e4 c6 2. d4 d5 3. Nc3 dxe4 4. Nxe4 Bf5 5. Ng3 Bg6 6. h4 h6 7. Nf3 Nd7 8. Bd3
Bxd3 9. Qxd3 e6 10. Bf4 Bb4+ 11. c3 Be7 12. Ne4 Ndf6 13. O-O-O Nxe4 14. Qxe4
Nf6 15. Qe2 Qd5 16. c4 Qa5 17. Kb1 Qf5+ 18. Rd3 Qxf4 19. Ne5 Qe4 20. Qd1 O-O
21. g4 Rad8 22. f3 Qh7 23. Ka1 Nd7 24. Re3 Nxe5 25. Rxe5 Bf6 26. Re4 g5 27. f4
Qxe4 0-1

[Event "16e Open International - Réunion"]
[Site "Saint-Denis (974)"]
[Date "2014.10.22"]
[Round "5"]
[White "Weber, Richard"]
[Black "Jourde, Michel"]
[Result "0-1"]
[WhiteElo "1650"]
[BlackElo "1805"]
[PlyCount "80"]
[EventDate "2014.??.??"]

1. Nf3 Nf6 2. d4 d6 3. c4 g6 4. e3 Bg7 5. Nbd2 O-O 6. Be2 c5 7. d5 Nbd7 8. O-O
b5 9. a4 bxc4 10. Bxc4 Nb6 11. a5 Nxc4 12. Nxc4 Bb7 13. a6 Bxd5 14. Na5 Rb8 15.
Qe2 Rb4 16. Rd1 Qb6 17. Rxd5 Nxd5 18. Nc4 Qb5 19. Nfd2 Bxb2 20. Ra5 Qb8 21.
Nxb2 Rxb2 22. Bxb2 Qxb2 23. Rb5 Qa1+ 24. Rb1 Nc3 25. Rxa1 Nxe2+ 26. Kf1 Nc3 27.
Ra3 Nd5 28. Nc4 Rb8 29. Na5 Rb6 30. Nc4 Rb4 31. Na5 Nb6 32. Nc6 Rb1+ 33. Ke2
Nc8 34. e4 Rb6 35. Nd8 Kf8 36. h4 Ke8 37. Nb7 Kd7 38. f4 Rb2+ 39. Kf3 c4 40. g4
Rb3+ 0-1

[Event "16e Open International - Réunion"]
[Site "Saint-Denis (974)"]
[Date "2014.10.22"]
[Round "5"]
[White "Kibria, Golam"]
[Black "Romain, Arnaud"]
[Result "1-0"]
[WhiteElo "1899"]
[BlackElo "1582"]
[PlyCount "85"]
[EventDate "2014.??.??"]

1. c4 g6 2. Nc3 Bg7 3. b3 d6 4. Bb2 e5 5. g3 Nf6 6. Bg2 O-O 7. d3 Nc6 8. Nf3
Re8 9. Nd2 Be6 10. Nd5 Rb8 11. a3 Qd7 12. Nxf6+ Bxf6 13. Ne4 Bg7 14. Ng5 Qe7
15. Nxe6 Qxe6 16. O-O Nd4 17. e3 Nc6 18. Qc2 Rbd8 19. Bc3 Qc8 20. Qb2 Ne7 21.
f4 Nf5 22. Bh3 Qb8 23. Bxf5 gxf5 24. fxe5 Bxe5 25. Rxf5 h6 26. Raf1 Rd7 27.
Bxe5 dxe5 28. Qe2 Re6 29. Qg4+ Rg6 30. Qh5 Qe8 31. Rxe5 Re7 32. Rff5 Rge6 33.
d4 f6 34. Qxe8+ Rxe8 35. Rxe6 Rxe6 36. Kf2 Kg7 37. Kf3 Rb6 38. Rb5 Kf7 39. Rxb6
axb6 40. d5 Kg6 41. Kf4 h5 42. e4 Kf7 43. Kf5 1-0

[Event "16e Open International - Réunion"]
[Site "Saint-Denis (974)"]
[Date "2014.10.22"]
[Round "5"]
[White "Fontaine, Willy"]
[Black "Duprey, Francois-Xavier"]
[Result "0-1"]
[WhiteElo "1456"]
[BlackElo "1764"]
[PlyCount "102"]
[EventDate "2014.??.??"]

1. e4 c5 2. Nf3 d6 3. d4 cxd4 4. Nxd4 Nf6 5. Nc3 g6 6. f3 Bg7 7. Be3 O-O 8. Qd2
Nc6 9. Nxc6 bxc6 10. Be2 Be6 11. Bh6 Bh8 12. Bxf8 Kxf8 13. O-O Qb6+ 14. Kh1
Qxb2 15. Rab1 Qa3 16. h3 Nh5 17. Rb3 Bxb3 18. cxb3 Ng3+ 19. Kg1 Qc5+ 20. Kh2
Nxf1+ 21. Bxf1 Qxc3 22. Qh6+ Kg8 23. Bc4 Be5+ 24. f4 Bg7 25. Qg5 Qf6 26. Qg4 h5
27. Qf3 Bh6 28. g3 h4 29. f5 hxg3+ 30. Kxg3 d5 31. exd5 cxd5 32. Qxd5 Qd6+ 33.
Qxd6 exd6 34. fxg6 Kg7 35. Bxf7 Rc8 36. Kg4 Rc5 37. Kf3 Re5 38. h4 d5 39. h5 d4
40. Bc4 Rxh5 41. Ke4 Rh4+ 42. Kd3 Kxg6 43. a4 Kf6 44. b4 Ke7 45. b5 Kd6 46. a5
Kc5 47. b6 Rh3+ 48. Kc2 axb6 49. a6 Rc3+ 50. Kb2 Rxc4 51. Kb3 Rb4+ 0-1

[Event "16e Open International - Réunion"]
[Site "Saint-Denis (974)"]
[Date "2014.10.22"]
[Round "5"]
[White "Vitry, Patrick"]
[Black "Hoareau, Noe"]
[Result "1-0"]
[WhiteElo "1733"]
[BlackElo "1557"]
[PlyCount "131"]
[EventDate "2014.??.??"]

1. e4 c5 2. Nf3 e6 3. d4 cxd4 4. Nxd4 a6 5. a3 Qc7 6. Nc3 Nf6 7. Be3 b5 8. Qd3
Bb7 9. f3 Nc6 10. Nxc6 Bxc6 11. Qd4 Bd6 12. Qb6 Bxh2 13. Qxc7 Bxc7 14. O-O-O d5
15. exd5 Nxd5 16. Nxd5 Bxd5 17. Bd3 h6 18. Bc5 Rc8 19. Bd4 f6 20. Bg6+ Ke7 21.
Bc5+ Bd6 22. Bxd6+ Kxd6 23. Be4 Rc7 24. Rd2 Kc6 25. Bxd5+ exd5 26. Re1 Rd8 27.
Rde2 Rcd7 28. Re6+ Kb7 29. f4 d4 30. Kd2 Rc7 31. Kd3 Rdc8 32. Re7 Rxe7 33.
Rxe7+ Rc7 34. Rxc7+ Kxc7 35. Kxd4 Kc6 36. f5 h5 37. b4 Kd6 38. g3 Kc6 39. c4
bxc4 40. Kxc4 Kb6 41. a4 Kc6 42. a5 Kd6 43. b5 axb5+ 44. Kxb5 Kc7 45. a6 Kb8
46. Kc6 Ka7 47. Kd6 Kxa6 48. Ke6 Kb6 49. Kf7 Kc6 50. Kxg7 Kd7 51. Kxf6 Kd6 52.
Kg7 Ke5 53. f6 Kf5 54. f7 Kg4 55. f8=Q Kxg3 56. Qd6+ Kg4 57. Qh2 Kg5 58. Qh3
Kf4 59. Kf6 Ke4 60. Qxh5 Kf4 61. Qf5+ Ke3 62. Ke5 Ke2 63. Kd4 Kd2 64. Qf2+ Kc1
65. Kc3 Kd1 66. Qd2# 1-0

[Event "16e Open International - Réunion"]
[Site "Saint-Denis (974)"]
[Date "2014.10.22"]
[Round "5"]
[White "Goorsahye, Antoine"]
[Black "Triton, Maxime"]
[Result "1/2-1/2"]
[WhiteElo "1726"]
[BlackElo "1450"]
[PlyCount "115"]
[EventDate "2014.??.??"]

1. e4 d5 2. exd5 Nf6 3. d4 Nxd5 4. c4 Nb6 5. Nf3 c5 6. d5 e6 7. Nc3 Be7 8. Bd3
O-O 9. O-O exd5 10. cxd5 N8d7 11. Bf4 c4 12. Bc2 Kh8 13. Re1 Bb4 14. Ng5 h6 15.
Qh5 Qf6 16. Nh3 Bxc3 17. bxc3 Qxc3 18. Rac1 Nf6 19. Qh4 Bxh3 20. Be5 Qd2 21.
Bxf6 gxf6 22. Qxh3 Qg5 23. Rcd1 Rfe8 24. Rf1 Re2 25. Bb1 Rg8 26. Qf3 Re5 27. g3
Nxd5 28. Rd4 b5 29. Rfd1 Nb4 30. Rd7 Rge8 31. Kf1 R5e7 32. h4 Qe5 33. Rxe7 Rxe7
34. Rd8+ Re8 35. Rxe8+ Qxe8 36. Qxf6+ Kg8 37. Qxh6 Nd3 38. Qg5+ Kf8 39. Qh6+
Kg8 40. Qg5+ Kf8 41. Qe3 Qxe3 42. fxe3 Nb4 43. a3 Nd5 44. e4 Nc3 45. Bc2 a5 46.
Ke1 b4 47. axb4 axb4 48. Kd2 Na2 49. Bb1 b3 50. h5 Kg7 51. g4 Kh6 52. Ke3 f6
53. Kd4 c3 54. Kd3 Kg5 55. Bc2 Nb4+ 56. Kxc3 bxc2 57. Kd2 Kh6 58. Kc1 1/2-1/2

[Event "16e Open International - Réunion"]
[Site "Saint-Denis (974)"]
[Date "2014.10.22"]
[Round "5"]
[White "Andriandaza, Tombo Omar"]
[Black "Romain, Juliane"]
[Result "1-0"]
[WhiteElo "1717"]
[BlackElo "1412"]
[PlyCount "51"]
[EventDate "2014.??.??"]

1. d4 d5 2. Bf4 Nf6 3. Nd2 Nbd7 4. Ngf3 e6 5. e3 c5 6. c3 b6 7. Bb5 Be7 8. Bc6
Ba6 9. Qa4 Qc8 10. Bxa8 b5 11. Qc2 Qxa8 12. O-O O-O 13. h3 Rc8 14. Rfc1 b4 15.
Ne5 Nxe5 16. Bxe5 Ne4 17. Nxe4 dxe4 18. Qd1 Rd8 19. Qg4 g6 20. cxb4 h5 21. Qg3
cxd4 22. Rc7 Re8 23. Rxe7 Rxe7 24. Qg5 f6 25. Qxf6 Rh7 26. Qxg6+ 1-0

[Event "16e Open International - Réunion"]
[Site "Saint-Denis (974)"]
[Date "2014.10.22"]
[Round "5"]
[White "Sandjivy, Mateo"]
[Black "Mablouke, Ulrich"]
[Result "1-0"]
[WhiteElo "1432"]
[BlackElo "1702"]
[PlyCount "53"]
[EventDate "2014.??.??"]

1. e4 c6 2. Nf3 d5 3. exd5 cxd5 4. d4 Bf5 5. Nc3 e6 6. Bf4 a6 7. Bd3 Bg6 8.
Bxg6 hxg6 9. O-O Nd7 10. Re1 Ngf6 11. Bg5 Bd6 12. Nxd5 Kf8 13. Nxf6 gxf6 14.
Be3 Qc7 15. h3 g5 16. Kf1 g4 17. hxg4 Kg7 18. g5 e5 19. gxf6+ Nxf6 20. dxe5
Bxe5 21. Nxe5 Qxe5 22. Bh6+ Rxh6 23. Rxe5 Rh1+ 24. Ke2 Rxd1 25. Rxd1 Rc8 26. c3
Ng4 27. Rg5+ 1-0

[Event "16e Open International - Réunion"]
[Site "Saint-Denis (974)"]
[Date "2014.10.22"]
[Round "5"]
[White "Sandjivy, Jean Marc"]
[Black "Francou, Yvon"]
[Result "0-1"]
[WhiteElo "1366"]
[BlackElo "1670"]
[PlyCount "58"]
[EventDate "2014.??.??"]

1. c4 c6 2. Nc3 d5 3. cxd5 cxd5 4. e3 Nf6 5. d4 Bf5 6. Nf3 e6 7. Be2 Nbd7 8.
Nh4 Rc8 9. Nxf5 exf5 10. Qb3 Qa5 11. Bd2 Bb4 12. Rc1 O-O 13. O-O a6 14. a3 Bxc3
15. Bxc3 Qb6 16. Qa2 Qe6 17. Bf3 Ne4 18. h3 Rfe8 19. Rfe1 Rc6 20. Be2 Rec8 21.
Qb3 Nb6 22. f3 Ng5 23. f4 Qxe3+ 24. Kh1 Qxf4 25. Qd1 Ne4 26. Bf3 Nf2+ 27. Kg1
Nxd1 28. Rcxd1 Rg6 29. Bd2 Qxf3 0-1

[Event "16e Open International - Réunion"]
[Site "Saint-Denis (974)"]
[Date "2014.10.22"]
[Round "5"]
[White "Dennemont, Bruno"]
[Black "Collet, Jean Daniel"]
[Result "0-1"]
[WhiteElo "1620"]
[BlackElo "1399"]
[PlyCount "92"]
[EventDate "2014.??.??"]

1. e4 c5 2. Nf3 d6 3. d4 cxd4 4. Qxd4 Nc6 5. Qa4 Bd7 6. Bb5 a6 7. Bxc6 Bxc6 8.
Qb4 b5 9. Nc3 Nf6 10. Nd2 e5 11. O-O a5 12. Qb3 a4 13. Nxa4 bxa4 14. Qc3 Rc8
15. Qd3 Qb6 16. b3 Be7 17. Nc4 Qb8 18. f3 O-O 19. Ba3 Rfd8 20. Nd2 Rd7 21. Qe3
Bd8 22. c4 Bb6 23. c5 dxc5 24. Nc4 Bb5 25. Nxb6 Qxb6 26. Rfd1 Rxd1+ 27. Rxd1
axb3 28. axb3 Qc7 29. Qc3 h6 30. Bb2 Rd8 31. Rc1 Nd7 32. f4 f6 33. fxe5 Nxe5
34. Qg3 Qb6 35. Bxe5 fxe5 36. Qe3 Rc8 37. b4 Qg6 38. bxc5 Bc6 39. Rc4 Ra8 40.
Qb3 Kh7 41. Qb1 Qf7 42. Rc1 Qf4 43. Rc4 Qe3+ 44. Kh1 Rf8 45. g3 Rf2 46. g4 Qf3+
0-1

[Event "16e Open International - Réunion"]
[Site "Saint-Denis (974)"]
[Date "2014.10.22"]
[Round "5"]
[White "Labrande, Theodore"]
[Black "Ringayen, Francinel"]
[Result "1-0"]
[WhiteElo "1471"]
[BlackElo "1361"]
[PlyCount "143"]
[EventDate "2014.??.??"]

1. e4 e5 2. Nf3 Nc6 3. Bc4 Nf6 4. Ng5 d5 5. exd5 Nxd5 6. Nxf7 Kxf7 7. Qf3+ Qf6
8. Bxd5+ Be6 9. Bxc6 bxc6 10. Qxc6 Bd6 11. Nc3 Rhf8 12. Ne4 Qe7 13. d3 h6 14.
Nxd6+ Qxd6 15. Qxd6 cxd6 16. Be3 a6 17. O-O-O Bxa2 18. b3 Rfc8 19. Kb2 Bxb3 20.
cxb3 h5 21. Rc1 Rd8 22. Bg5 Rd7 23. Rc6 Raa7 24. Rhc1 d5 25. Rb6 Ra8 26. Rcc6
a5 27. Ra6 Rda7 28. Rxa7+ Rxa7 29. Ka3 d4 30. Rc5 Kg6 31. Rxe5 Rf7 32. Bh4 Rc7
33. Kb2 Rc3 34. Bd8 Rxd3 35. Bxa5 Rd1 36. Rd5 Rf1 37. Rxd4 Rxf2+ 38. Rd2 Rf5
39. b4 h4 40. Ka3 Kh5 41. Ka4 g5 42. b5 Rf4+ 43. Bb4 Rf7 44. b6 g4 45. Kb5 g3
46. hxg3 hxg3 47. Ka6 Kg4 48. b7 Rf6+ 49. Ka7 Rf7 50. Ka8 Rxb7 51. Kxb7 Kf4 52.
Bd6+ Ke3 53. Ra2 Ke4 54. Bxg3 Kf5 55. Bc7 Kg4 56. Ra4+ Kf5 57. g4+ Kg5 58. Bd8+
Kg6 59. g5 Kg7 60. Ra6 Kf7 61. g6+ Kg7 62. Bf6+ Kxg6 63. Kc7 Kh7 64. Kd7 Kg8
65. Ke7 Kh7 66. Ba1 Kg8 67. Be5 Kh7 68. Bf6 Kg8 69. Bg5 Kg7 70. Rf6 Kh7 71. Kf7
Kh8 72. Rh6# 1-0

[Event "16e Open International - Réunion"]
[Site "Saint-Denis (974)"]
[Date "2014.10.22"]
[Round "5"]
[White "Le Maguet, Loan"]
[Black "Labrande, Eleonore"]
[Result "0-1"]
[WhiteElo "1280"]
[BlackElo "1400"]
[PlyCount "82"]
[EventDate "2014.??.??"]

1. e4 g6 2. Nf3 Bg7 3. d4 d6 4. Bf4 a6 5. h3 b5 6. c3 Bb7 7. Nbd2 Nd7 8. Bd3
Ngf6 9. O-O c5 10. b3 cxd4 11. cxd4 O-O 12. Rc1 Re8 13. Qe2 Nf8 14. Nh2 Ne6 15.
Be3 Nh5 16. Ndf3 Nhf4 17. Bxf4 Nxf4 18. Qe3 Bh6 19. Ng5 Bxg5 20. Qg3 Nxd3 21.
Qxd3 Bxc1 22. Rxc1 e5 23. Ng4 Qg5 24. Rc7 Re7 25. Rxe7 Qxe7 26. Qg3 Qg5 27.
dxe5 dxe5 28. h4 Qc1+ 29. Kh2 Qf4 30. Qxf4 exf4 31. Nf6+ Kg7 32. e5 Rd8 33. g3
fxg3+ 34. fxg3 Rd2+ 35. Kh3 Re2 36. Ng4 Bc8 37. h5 gxh5 38. Kh4 hxg4 39. Kg5
Rf2 40. e6 h6+ 41. Kxg4 Bxe6+ 0-1

[Event "16e Open International - Réunion"]
[Site "Saint-Denis (974)"]
[Date "2014.10.22"]
[Round "5"]
[White "Labrande, Mona"]
[Black "Etheve, Loic"]
[Result "0-1"]
[WhiteElo "1200"]
[BlackElo "1399"]
[PlyCount "36"]
[EventDate "2014.??.??"]

1. e4 e5 2. Nf3 Nc6 3. Bc4 Nf6 4. c3 Bc5 5. O-O Nxe4 6. d4 d5 7. Bb3 exd4 8.
cxd4 Bb6 9. Be3 Bg4 10. h3 Bh5 11. Nbd2 Qd6 12. g4 Bg6 13. Nh4 O-O-O 14. Nxe4
dxe4 15. Nxg6 hxg6 16. Kg2 Rxh3 17. Kxh3 Rh8+ 18. Kg2 Qh2# 0-1

[Event "16e Open International - Réunion"]
[Site "Saint-Denis (974)"]
[Date "2014.10.22"]
[Round "5"]
[White "Lacouture, Alexandre"]
[Black "Labrande, Emmanuel"]
[Result "1/2-1/2"]
[WhiteElo "1210"]
[BlackElo "1389"]
[PlyCount "60"]
[EventDate "2014.??.??"]

1. d4 g6 2. e4 Bg7 3. Nf3 d6 4. Bc4 Nf6 5. Nc3 a6 6. O-O b5 7. Bb3 b4 8. Ne2
Nxe4 9. Bd5 Nxf2 10. Rxf2 c6 11. Bb3 O-O 12. Be3 d5 13. Qd2 a5 14. a4 Re8 15.
Bh6 Bh8 16. Ng5 f6 17. Ne4 Bg7 18. Bxg7 Kxg7 19. Nc5 Na6 20. Nxa6 Bxa6 21. Re1
e5 22. dxe5 Rxe5 23. Nd4 Qe7 24. Rxe5 Qxe5 25. Nxc6 Qxb2 26. h3 Bc4 27. Bxc4
dxc4 28. Qd7+ Kh6 29. Qd2+ Kg7 30. Qd7+ Kh6 1/2-1/2

[Event "16e Open International - Réunion"]
[Site "Saint-Denis (974)"]
[Date "2014.10.22"]
[Round "5"]
[White "Labrande, Jean Donatien"]
[Black "Caminade, Hugo"]
[Result "0-1"]
[WhiteElo "1372"]
[BlackElo "1070"]
[PlyCount "38"]
[EventDate "2014.??.??"]

1. e4 e6 2. d4 g6 3. Nf3 Nc6 4. Bc4 h6 5. Be3 Bg7 6. O-O Nge7 7. Nc3 O-O 8. Qd2
b6 9. Bxh6 Bb7 10. Rfe1 Re8 11. Bxg7 Kxg7 12. Re3 Rh8 13. e5 Nf5 14. Rd3 Nb4
15. Ng5 Nxd3 16. Bxd3 Rh5 17. f4 f6 18. exf6+ Qxf6 19. g4 Qxd4+ 0-1

[Event "16e Open International - Réunion"]
[Site "Saint-Denis (974)"]
[Date "2014.10.22"]
[Round "5"]
[White "Alex-Geerjanan, Nils"]
[Black "Noel, Philippe"]
[Result "0-1"]
[WhiteElo "1009"]
[BlackElo "1297"]
[PlyCount "40"]
[EventDate "2014.??.??"]

1. e4 e5 2. Nf3 Nc6 3. Nc3 Nf6 4. d3 Bb4 5. Bd2 Bxc3 6. Bxc3 d6 7. g3 O-O 8.
Bg2 Re8 9. O-O Bd7 10. Ng5 h6 11. Nf3 Qc8 12. Qe2 Bg4 13. Rfe1 Nd4 14. Rad1 c5
15. a4 a5 16. h3 Bxh3 17. Qd2 Qg4 18. Bxh3 Qxh3 19. Ng5 hxg5 20. Qxg5 Nf3# 0-1